000 00402nam a22001217a 4500
999 _c10322
_d10322
003 OSt
008 201203b ||||| |||| 00| 0 eng d
245 _aThe Indian Textile Journal
250 _a2013(Jul Vol.123 No.10, Aug Vol.123 No.11, Sep Vol.123 No.12, Oct Vol.124 No.1, Nov Vol.124 No.2, Dec Vol.124 No.3)
260 _aChennai
_bIPF Publications
650 _aTextile Engineering
942 _2ddc
_cBV